[Event "Titled Tuesday intern op 21st Jun Early"]
[Site "Chess.com INT"]
[Date "2022.06.21"]
[Round "7"]
[White "Ursan, Petru Sebastian"]
[Black "Piesik, Piotr"]
[Result "0-1"]
[WhiteElo "2225"]
[BlackElo "2432"]
[PlyCount "52"]
[EventDate "2022.06.21"]
[EventType "swiss (blitz)"]
[EventRounds "11"]
[EventCountry "USA"]
[SourceTitle "EXT 2023"]
[Source "ChessBase"]
[SourceDate "2022.10.05"]
[SourceVersion "1"]
[SourceVersionDate "2022.10.05"]
[SourceQuality "1"]

1. d4 c5 2. d5 e5 3. dxe6 fxe6 4. e4 Nc6 5. Nc3 Nf6 6. Bg5 Be7 7. Bd3 0-0 8. Nf3 d6 9. 0-0 Ng4 10. Bxe7 Qxe7 11. h3 Nge5 12. Nxe5 Nxe5 13. f4 Ng6 14. Qd2 Bd7 15. f5 Ne5 16. Rae1 a6 17. fxe6 Bxe6 18. Nd5 Rxf1+ 19. Rxf1 Bxd5 20. exd5 Rf8 21. Bf5 g6 22. Be6+ Kg7 23. Re1 Qh4 24. b3 Qg3 25. Kh1 Rf2 26. Re3 Qxg2# 0-1

[Event "Arad op-A 14th"]
[Site "Arad"]
[Date "2021.08.02"]
[Round "5"]
[White "Antonica, Dragos Andrei"]
[Black "Ursan, Petru Sebastian"]
[Result "1-0"]
[WhiteElo "2302"]
[BlackElo "2225"]
[PlyCount "135"]
[EventDate "2021.07.30"]
[EventType "swiss"]
[EventRounds "9"]
[EventCountry "ROU"]
[SourceTitle "CBM 203 Extra"]
[Source "ChessBase"]
[SourceDate "2021.09.30"]
[SourceVersion "1"]
[SourceVersionDate "2021.09.30"]
[SourceQuality "1"]

1. b3 Nf6 2. Bb2 g6 3. Nf3 Bg7 4. g3 c5 5. c4 0-0 6. Bg2 Nc6 7. 0-0 d5 8. cxd5 Nxd5 9. Bxg7 Kxg7 10. d4 cxd4 11. Nxd4 Ndb4 12. Nxc6 Nxc6 13. Nc3 Qa5 14. Qc1 Be6 15. Bxc6 bxc6 16. Na4 Rfd8 17. Qc3+ Qxc3 18. Nxc3 Rd2 19. Rfd1 Rc2 20. Rac1 Rb2 21. Kf1 a5 22. Rb1 Rxb1 23. Rxb1 c5 24. Ke1 Rb8 25. Kd2 h5 26. Kd3 Rb4 27. Rc1 c4+ 28. bxc4 Bxc4+ 29. Kc2 Be6 30. f3 Rb7 31. Rb1 Rc7 32. a3 a4 33. Rb4 Bb3+ 34. Kd2 Ra7 35. Ke3 e5 36. Ke4 f6 37. Nd5 Rd7 38. Nc3 Ra7 39. h4 Kf7 40. Nd5 Rd7 41. Nc3 Ra7 42. f4 exf4 43. Kxf4 Re7 44. e4 Ra7 45. Nb5 Rd7 46. Nd4 Ra7 47. Rb6 Rd7 48. Nf3 Rc7 49. Rb4 Ra7 50. e5 fxe5+ 51. Nxe5+ Kf6 52. Rb6+ Be6 53. Nxg6 Kxg6 54. Rxe6+ Kg7 55. Re4 Kf6 56. Rb4 Ra5 57. Rb6+ Kg7 58. Re6 Ra7 59. Kf5 Rf7+ 60. Ke4 Ra7 61. Kd5 Kf7 62. Re4 Kf6 63. Rf4+ Kg6 64. Kc5 Ra5+ 65. Kb4 Rf5 66. Rxf5 Kxf5 67. Kxa4 Kg4 68. Kb4 1-0

[Event "FIDE World Uni Blitz-A 1st"]
[Site "Tornelo INT"]
[Date "2021.03.13"]
[Round "10.10"]
[White "Ursan, Petru Sebastian"]
[Black "Shuvalova, Polina"]
[Result "0-1"]
[WhiteElo "2225"]
[BlackElo "2476"]
[PlyCount "118"]
[EventDate "2021.03.13"]
[EventType "swiss (blitz)"]
[EventRounds "10"]
[EventCountry "NET"]
[SourceTitle "EXT 2022"]
[Source "ChessBase"]
[SourceDate "2021.10.06"]
[SourceVersion "1"]
[SourceVersionDate "2021.10.06"]
[SourceQuality "1"]

1. d4 Nf6 2. Nf3 e6 3. g3 d5 4. Bg2 Be7 5. c4 0-0 6. 0-0 dxc4 7. Ne5 Qd6 8. Nxc4 Qa6 9. Qb3 Rd8 10. e3 Nbd7 11. Nc3 c5 12. Qb5 Qxb5 13. Nxb5 cxd4 14. exd4 Nb6 15. Nxb6 axb6 16. Bf4 Bd7 17. Nc7 Ra4 18. d5 exd5 19. Nxd5 Nxd5 20. Bxd5 Bc6 21. Bxc6 bxc6 22. a3 b5 23. Rac1 c5 24. Rfe1 Kf8 25. Be3 c4 26. Red1 Raa8 27. Kg2 f5 28. Kf3 Kf7 29. h4 g6 30. Bb6 Rdb8 31. Be3 Ke6 32. Re1 Kf7 33. Bd4 Rd8 34. Bc3 Rd3+ 35. Re3 Rad8 36. Rce1 Bc5 37. Rxd3 Rxd3+ 38. Kg2 Bxa3 39. Ra1 Be7 40. Ra7 Ke6 41. Ra6+ Rd6 42. Ra5 Rb6 43. Bd4 Rb7 44. Ra6+ Kd5 45. Be3 b4 46. Ra5+ Ke4 47. Bf4 c3 48. bxc3 b3 49. Re5+ Kd3 50. Bc1 Kc2 51. Re1 Bc5 52. h5 Kxc3 53. hxg6 hxg6 54. Re6 Kc2 55. Re1 Ra7 56. Bg5 b2 57. Re2+ Kb3 58. Re1 Ra1 59. Re2 b1Q 0-1

[Event "Titled Tuesday intern op 17th Nov"]
[Site "Chess.com INT"]
[Date "2020.11.17"]
[Round "3"]
[White "Ursan, Petru Sebastian"]
[Black "Avila Pavas, Santiago"]
[Result "0-1"]
[WhiteElo "2225"]
[BlackElo "2393"]
[PlyCount "170"]
[EventDate "2020.11.17"]
[EventType "swiss (blitz)"]
[EventRounds "11"]
[EventCountry "USA"]
[SourceTitle "CBM 199 Extra"]
[Source "ChessBase"]
[SourceDate "2021.01.31"]
[SourceVersion "1"]
[SourceVersionDate "2021.01.31"]
[SourceQuality "1"]

1. c4 Nf6 2. Nf3 e6 3. g3 d5 4. Bg2 dxc4 5. 0-0 c5 6. Qa4+ Bd7 7. Qxc4 Bc6 8. Nc3 Nbd7 9. d3 Rc8 10. Qb3 a6 11. a4 Be7 12. e4 0-0 13. h3 c4 14. dxc4 Nxe4 15. Nxe4 Bxe4 16. Be3 Nc5 17. Bxc5 Bxc5 18. Rfd1 Qf6 19. Qc3 Qxc3 20. bxc3 Rfd8 21. Nd4 Bxg2 22. Kxg2 Rd7 23. Nb3 Rdc7 24. Nxc5 Rxc5 25. Rab1 Rxc4 26. Rxb7 Rxa4 27. Rdd7 Rf8 28. Ra7 Rc4 29. Rxa6 Rxc3 30. Raa7 Rc5 31. h4 h5 32. Rdb7 g6 33. Rd7 Kg7 34. Re7 Rf5 35. Red7 Rc8 36. Rdc7 Rb8 37. Rcb7 Rc8 38. Rc7 Rd8 39. Rd7 Rxd7 40. Rxd7 Ra5 41. Rb7 Kf6 42. Rb4 e5 43. Rb6+ Kf5 44. Rb7 f6 45. Rb6 Ra3 46. Rc6 Ra5 47. Rb6 e4 48. Rc6 Rd5 49. Rb6 Re5 50. Rb3 Kg4 51. Rb6 Kf5 52. Rb3 g5 53. hxg5 fxg5 54. Rb8 Kg4 55. Rb3 h4 56. gxh4 gxh4 57. Ra3 Rf5 58. Re3 Rf4 59. Ra3 Rf3 60. Ra8 h3+ 61. Kg1 Rb3 62. Rg8+ Kf4 63. Rf8+ Ke5 64. Kh2 Kd4 65. Rf7 Rd3 66. Rf8 Kc3 67. Rh8 Kd2 68. Rxh3 Ke2 69. Rh4 Kf3 70. Kg1 Rd1+ 71. Kh2 Rf1 72. Rh3+ Kxf2 73. Rh8 e3 74. Rf8+ Ke2 75. Re8 Rf7 76. Kg2 Rg7+ 77. Kh3 Kf2 78. Rf8+ Ke1 79. Re8 e2 80. Re6 Rg5 81. Kh4 Rg1 82. Kh3 Kd2 83. Rd6+ Kc3 84. Rc6+ Kb4 85. Re6 e1Q 0-1

[Event "Titled Tuesday intern op 17th Nov"]
[Site "Chess.com INT"]
[Date "2020.11.17"]
[Round "10"]
[White "Ursan, Petru Sebastian"]
[Black "Ogloblin, Nikolay"]
[Result "1/2-1/2"]
[WhiteElo "2225"]
[BlackElo "2346"]
[PlyCount "184"]
[EventDate "2020.11.17"]
[EventType "swiss (blitz)"]
[EventRounds "11"]
[EventCountry "USA"]
[SourceTitle "CBM 199 Extra"]
[Source "ChessBase"]
[SourceDate "2021.01.31"]
[SourceVersion "1"]
[SourceVersionDate "2021.01.31"]
[SourceQuality "1"]

1. c4 Nf6 2. g3 c5 3. Bg2 e6 4. Nf3 a6 5. 0-0 b5 6. d4 bxc4 7. dxc5 Bxc5 8. Qa4 0-0 9. Qxc4 Qe7 10. Nc3 d5 11. Qh4 Nbd7 12. a3 Bb7 13. b4 Ba7 14. Bb2 Rfc8 15. Rac1 Rc4 16. Qh3 Rac8 17. e3 h6 18. Ne2 Ne4 19. Ne5 Nxe5 20. Bxe5 Rxc1 21. Rxc1 Rxc1+ 22. Nxc1 Ng5 23. Qg4 f6 24. Bd4 Bb8 25. h4 Nh7 26. Bc5 Qf7 27. Nd3 e5 28. e4 d4 29. Bh3 Nf8 30. Qf3 g6 31. h5 gxh5 32. Bf5 Nh7 33. Qe2 Kg7 34. a4 Ng5 35. a5 Bc7 36. Kh2 Bd8 37. f4 Nh7 38. fxe5 fxe5 39. Nxe5 Qf6 40. Nd3 h4 41. Qg4+ Qg5 42. Qxg5+ Nxg5 43. gxh4 Nf3+ 44. Kg3 Nd2 45. Bxd4+ Kf8 46. Kf4 Bc7+ 47. Be5 Bd8 48. Nc5 Bc6 49. Nxa6 Nc4 50. Nc5 Bxh4 51. a6 Bg5+ 52. Kg4 Nxe5+ 53. Kh5 Be8+ 54. Bg6 Bc6 55. Ne6+ Ke7 56. Nxg5 hxg5 57. Kxg5 Kd6 58. Bf5 Nd3 59. Kf6 Nxb4 60. e5+ Kc7 61. e6 Nxa6 62. e7 Nc5 63. Kf7 Nb7 64. e8N+ Kb6 65. Nf6 Nd6+ 66. Kg6 Kc5 67. Kg5 Kc4 68. Ne4 Ne8 69. Kf4 Kd4 70. Bg6 Nc7 71. Ng5 Nd5+ 72. Kf5 Ne3+ 73. Kf6 Bd5 74. Ne6+ Kc3 75. Bf7 Be4 76. Ng5 Bc2 77. Ke5 Ng4+ 78. Kf4 Nf2 79. Bd5 Nd3+ 80. Ke3 Nb4 81. Ne4+ Kb2 82. Bb7 Ba4 83. Kd4 Nc2+ 84. Kc4 Ne1 85. Bd5 Bb3+ 86. Kc5 Bc2 87. Nd6 Kc1 88. Kd4 Nf3+ 89. Bxf3 Kd2 90. Nc4+ Ke1 91. Bd5 Bb3 92. Ne5 Bxd5 1/2-1/2

[Event "Titled Tuesday intern op 03rd Nov"]
[Site "Chess.com INT"]
[Date "2020.11.03"]
[Round "7"]
[White "Derraugh, Geordie"]
[Black "Ursan, Petru Sebastian"]
[Result "1-0"]
[WhiteElo "2169"]
[BlackElo "2248"]
[PlyCount "97"]
[EventDate "2020.11.03"]
[EventType "swiss (blitz)"]
[EventRounds "11"]
[EventCountry "USA"]
[SourceTitle "CBM 199 Extra"]
[Source "ChessBase"]
[SourceDate "2021.01.31"]
[SourceVersion "1"]
[SourceVersionDate "2021.01.31"]
[SourceQuality "1"]

1. e4 c5 2. Nf3 Nc6 3. Bb5 g6 4. Bxc6 bxc6 5. 0-0 Bg7 6. Re1 Nh6 7. c3 0-0 8. d4 cxd4 9. cxd4 d5 10. Nc3 Bg4 11. exd5 cxd5 12. Bg5 Nf5 13. h3 Bxf3 14. Qxf3 Nxd4 15. Qd3 Qa5 16. Bxe7 Rfe8 17. Bg5 Nf5 18. a3 d4 19. b4 Qc7 20. Ne4 Qb6 21. Rac1 Rac8 22. g4 Nd6 23. Nf6+ Bxf6 24. Bxf6 Rxe1+ 25. Rxe1 Nb5 26. g5 Qc6 27. a4 Nd6 28. Qxd4 Nf5 29. Qe5 a6 30. b5 axb5 31. axb5 Qd7 32. b6 Nd6 33. Rd1 Qxh3 34. Qxd6 Qg4+ 35. Kf1 Qh3+ 36. Ke2 Re8+ 37. Be5 Qg4+ 38. Kf1 Qh3+ 39. Ke2 Qg4+ 40. f3 Qg2+ 41. Ke1 Qg1+ 42. Ke2 Qg2+ 43. Ke3 Qxg5+ 44. f4 Qg3+ 45. Ke4 Qg2+ 46. Kd4 Qf2+ 47. Kd5 Qf3+ 48. Kc5 Rb8 49. Qxb8# 1-0

[Event "Titled Tuesday intern op 03rd Nov"]
[Site "Chess.com INT"]
[Date "2020.11.03"]
[Round "6"]
[White "Ursan, Petru Sebastian"]
[Black "Demin, Vladimir"]
[Result "0-1"]
[WhiteElo "2248"]
[BlackElo "2430"]
[PlyCount "110"]
[EventDate "2020.11.03"]
[EventType "swiss (blitz)"]
[EventRounds "11"]
[EventCountry "USA"]
[SourceTitle "CBM 199 Extra"]
[Source "ChessBase"]
[SourceDate "2021.01.31"]
[SourceVersion "1"]
[SourceVersionDate "2021.01.31"]
[SourceQuality "1"]

1. c4 Nf6 2. Nf3 e6 3. g3 d5 4. Bg2 c6 5. 0-0 Be7 6. Qc2 0-0 7. d4 Nbd7 8. b3 b6 9. Rd1 Bb7 10. Nc3 Rc8 11. e4 dxe4 12. Nxe4 Nxe4 13. Qxe4 Nf6 14. Qc2 Qc7 15. Bf4 Bd6 16. Bxd6 Qxd6 17. c5 Qe7 18. Ne5 Nd5 19. a3 Rfd8 20. b4 Ba6 21. Qb3 bxc5 22. bxc5 Qc7 23. Rab1 Rb8 24. Qc2 f6 25. Nc4 Bxc4 26. Qxc4 Qa5 27. Qe2 e5 28. dxe5 Qxc5 29. Bxd5+ cxd5 30. exf6 gxf6 31. Qe6+ Kg7 32. Rbc1 Qb6 33. Qg4+ Kh8 34. h4 Rg8 35. Qf4 Rbd8 36. Rc7 d4 37. Rf7 Rd6 38. Qf5 Rg7 39. Rf8+ Rg8 40. Rf7 Rg7 41. Qc8+ Rd8 42. Rf8+ Rxf8 43. Qxf8+ Rg8 44. Qf7 Qd6 45. Rd3 Rf8 46. Qh5 Rd8 47. Qf5 Qe5 48. Qf3 f5 49. Kg2 Qe4 50. h5 Kg7 51. Kg1 Qxf3 52. Rxf3 d3 53. Kg2 d2 54. h6+ Kg6 55. Rxf5 Kxf5 0-1

[Event "Titled Tuesday intern op 20th Oct"]
[Site "Chess.com INT"]
[Date "2020.10.20"]
[Round "6"]
[White "Manukyan, Artyom"]
[Black "Ursan, Petru Sebastian"]
[Result "0-1"]
[WhiteElo "2148"]
[BlackElo "2248"]
[PlyCount "106"]
[EventDate "2020.10.20"]
[EventType "swiss (blitz)"]
[EventRounds "11"]
[EventCountry "USA"]
[SourceTitle "EXT 2022"]
[Source "ChessBase"]
[SourceDate "2021.10.06"]
[SourceVersion "1"]
[SourceVersionDate "2021.10.06"]
[SourceQuality "1"]

1. e4 c5 2. Nc3 g6 3. d4 cxd4 4. Qxd4 Nf6 5. Nf3 Nc6 6. Qa4 d6 7. e5 dxe5 8. Nxe5 Bd7 9. Nxd7 Qxd7 10. Be3 Bg7 11. Bb5 0-0 12. Rd1 Qc7 13. 0-0 h5 14. h3 a6 15. Be2 b5 16. Qb3 Na5 17. Qb4 Nc4 18. Bxc4 bxc4 19. Qb6 Qxb6 20. Bxb6 Rab8 21. Na4 e6 22. c3 Nd5 23. Bd4 Bxd4 24. Rxd4 Nb6 25. Nxb6 Rxb6 26. Rxc4 Rxb2 27. Ra4 Rc8 28. Rc1 Rc6 29. c4 Kg7 30. Rc3 h4 31. Rca3 Rb1+ 32. Kh2 Rb2 33. Rxa6 Rxc4 34. Rf3 Rc7 35. a4 Ra2 36. Rf4 g5 37. Rf3 Ra1 38. g3 Rcc1 39. Re3 Rh1+ 40. Kg2 g4 41. hxg4 h3+ 42. Kf3 h2 43. Kg2 Rag1+ 44. Kh3 Rf1 45. Rf3 Kg6 46. Ra7 Rhg1 47. Rf6+ Kxf6 48. Kxh2 Rh1+ 49. Kg2 Rhg1+ 50. Kf3 Ra1 51. a5 Rgb1 52. Kg2 Rb5 53. a6 Rb6 0-1

[Event "Titled Tuesday intern op 20th Oct"]
[Site "Chess.com INT"]
[Date "2020.10.20"]
[Round "1"]
[White "Ursan, Petru Sebastian"]
[Black "Erdogdu, Mert"]
[Result "0-1"]
[WhiteElo "2248"]
[BlackElo "2396"]
[PlyCount "34"]
[EventDate "2020.10.20"]
[EventType "swiss (blitz)"]
[EventRounds "11"]
[EventCountry "USA"]
[SourceTitle "EXT 2022"]
[Source "ChessBase"]
[SourceDate "2021.10.06"]
[SourceVersion "1"]
[SourceVersionDate "2021.10.06"]
[SourceQuality "1"]

1. c4 Nf6 2. g3 g6 3. Bg2 Bg7 4. Nf3 d6 5. 0-0 0-0 6. d4 Nc6 7. Nc3 a6 8. e4 Bg4 9. Be3 Nd7 10. h3 Bxf3 11. Bxf3 e5 12. d5 Nd4 13. Bg2 c5 14. Qd2 b5 15. b3 bxc4 16. bxc4 Qa5 17. Rab1 Qxc3 0-1

[Event "Arad op 13th"]
[Site "Arad"]
[Date "2020.09.27"]
[Round "3"]
[White "Solodovnichenko, Yuri"]
[Black "Ursan, Petru Sebastian"]
[Result "1-0"]
[WhiteElo "2553"]
[BlackElo "2248"]
[PlyCount "33"]
[EventDate "2020.09.25"]
[EventType "swiss"]
[EventRounds "9"]
[EventCountry "ROU"]
[SourceTitle "CBM 198 Extra"]
[Source "ChessBase"]
[SourceDate "2020.11.30"]
[SourceVersion "1"]
[SourceVersionDate "2020.11.30"]
[SourceQuality "1"]

1. d4 g6 2. e4 c5 3. dxc5 Bg7 4. Nc3 Qa5 5. Bd2 Qxc5 6. Nd5 Na6 7. Nf3 Bxb2 8. Rb1 Bg7 9. Bxa6 bxa6 10. 0-0 d6 11. Bb4 Qc6 12. Ba5 Bb7 13. Nc7+ Kd7 14. Nxa8 Bxa8 15. e5 Nh6 16. Qd4 Qc5 17. e6+ 1-0

[Event "Satu Mare Foisor rapid 3rd"]
[Site "Satu Mare"]
[Date "2020.01.19"]
[Round "10"]
[White "Anton, Teodor"]
[Black "Ursan, Petru Sebastian"]
[Result "1-0"]
[WhiteElo "2464"]
[BlackElo "2248"]
[PlyCount "93"]
[EventDate "2020.01.18"]
[EventType "swiss (rapid)"]
[EventRounds "10"]
[EventCountry "ROU"]
[SourceTitle "CBM 194 Extra"]
[Source "ChessBase"]
[SourceDate "2020.03.31"]
[SourceVersion "1"]
[SourceVersionDate "2020.03.31"]
[SourceQuality "1"]

1. Nf3 g6 2. d4 Bg7 3. e4 d6 4. Bc4 c5 5. 0-0 cxd4 6. c3 Nf6 7. Re1 0-0 8. cxd4 Nc6 9. Nc3 Bg4 10. Be3 Rc8 11. Bf1 d5 12. e5 Ne4 13. h3 Nxc3 14. bxc3 Bxf3 15. Qxf3 e6 16. g3 Na5 17. Bd2 Nc4 18. Bc1 Qa5 19. h4 f6 20. exf6 Rxf6 21. Qd3 Nd6 22. Bg5 Rxc3 23. Qd1 Rf7 24. Rxe6 Ne4 25. Re8+ Bf8 26. Bf4 Qa3 27. Bg2 Rd3 28. Qc1 Qa4 29. Qc8 Qxd4 30. Rf1 Rd1 31. Rxf8+ Rxf8 32. Qe6+ Rf7 33. Qe8+ Rf8 34. Qe6+ Rf7 35. Rxd1 Qxd1+ 36. Kh2 Nxf2 37. Qe8+ Rf8 38. Qe6+ Rf7 39. Qe8+ Rf8 40. Qe6+ Rf7 41. Bxd5 Ng4+ 42. Kh3 Nf2+ 43. Kh2 Ng4+ 44. Kh3 Nf2+ 45. Kg2 Qh1+ 46. Kxf2 Qh2+ 47. Kf1 1-0

[Event "Satu Mare Foisor blitz 3rd"]
[Site "Satu Mare"]
[Date "2020.01.19"]
[Round "8"]
[White "Ursan, Petru Sebastian"]
[Black "Miron, Lucian Costin"]
[Result "0-1"]
[WhiteElo "2248"]
[BlackElo "2508"]
[PlyCount "58"]
[EventDate "2020.01.19"]
[EventType "swiss (blitz)"]
[EventRounds "9"]
[EventCountry "ROU"]
[SourceTitle "CBM 194 Extra"]
[Source "ChessBase"]
[SourceDate "2020.03.31"]
[SourceVersion "1"]
[SourceVersionDate "2020.03.31"]
[SourceQuality "1"]

1. c4 e6 2. g3 d5 3. b3 d4 4. Bg2 c5 5. Nf3 Nc6 6. 0-0 e5 7. d3 Bd6 8. e3 h6 9. exd4 exd4 10. Na3 Nf6 11. Nc2 a5 12. a3 0-0 13. Rb1 Bg4 14. Bd2 Qd7 15. b4 b6 16. bxc5 Bxc5 17. Bf4 Rae8 18. Qd2 Nh5 19. Rfe1 Rxe1+ 20. Rxe1 Re8 21. h3 Rxe1+ 22. Qxe1 Nxf4 23. hxg4 Nxd3 24. Qe4 Nc1 25. Nd2 Ne7 26. Qa8+ Kh7 27. Qe4+ g6 28. Qf4 Kg7 29. Ne4 Ne2+ 0-1

[Event "Satu Mare Foisor blitz 3rd"]
[Site "Satu Mare"]
[Date "2020.01.19"]
[Round "2"]
[White "Ursan, Petru Sebastian"]
[Black "Sedlak, Nikola"]
[Result "0-1"]
[WhiteElo "2248"]
[BlackElo "2563"]
[PlyCount "74"]
[EventDate "2020.01.19"]
[EventType "swiss (blitz)"]
[EventRounds "9"]
[EventCountry "ROU"]
[SourceTitle "CBM 194 Extra"]
[Source "ChessBase"]
[SourceDate "2020.03.31"]
[SourceVersion "1"]
[SourceVersionDate "2020.03.31"]
[SourceQuality "1"]

1. c4 Nf6 2. g3 g6 3. Bg2 Bg7 4. Nc3 0-0 5. Nf3 c6 6. 0-0 d5 7. cxd5 cxd5 8. d4 e6 9. Bf4 Bd7 10. Rc1 Bc6 11. b4 a6 12. a4 Ne4 13. Nxe4 dxe4 14. Ne5 Bd5 15. a5 Nc6 16. Nxc6 Bxc6 17. Be3 Qe7 18. Rc5 Rfd8 19. Qb1 Bxd4 20. Bxd4 Rxd4 21. e3 Rd3 22. Rxc6 bxc6 23. Bxe4 Rd6 24. Rc1 Rb8 25. Rc5 Rd5 26. Rxc6 Rxa5 27. Qc2 Ra1+ 28. Kg2 Qxb4 29. h4 Kg7 30. h5 gxh5 31. Rc7 Qe1 32. Kh3 Qa5 33. Bxh7 Qg5 34. Be4 Qf6 35. f4 Rb2 36. Qc5 Qf5+ 37. Bxf5 Rh1# 0-1

[Event "ROM-chT div-A"]
[Site "Mamaia"]
[Date "2019.09.25"]
[Round "5.5"]
[White "Ceres, Dragos"]
[Black "Ursan, Petru Sebastian"]
[Result "0-1"]
[WhiteElo "2302"]
[BlackElo "2154"]
[PlyCount "90"]
[EventDate "2019.09.21"]
[EventType "team-tourn"]
[EventRounds "9"]
[EventCountry "ROU"]
[SourceTitle "EXT 2020"]
[Source "ChessBase"]
[SourceDate "2019.10.17"]
[SourceVersion "1"]
[SourceVersionDate "2019.10.17"]
[SourceQuality "1"]
[WhiteTeam "Urziceni Viitorul"]
[BlackTeam "Arad University"]
[WhiteTeamCountry "ROU"]
[BlackTeamCountry "ROU"]

1. e4 c5 2. Nf3 g6 3. c3 Bg7 4. d4 cxd4 5. cxd4 d5 6. e5 Nc6 7. Bb5 Nh6 8. 0-0 0-0 9. Bxc6 bxc6 10. Nbd2 Qb6 11. h3 f6 12. exf6 Bxf6 13. Nc4 dxc4 14. Bxh6 Rd8 15. Qe2 c5 16. Qxc4+ Be6 17. Qxc5 Qxc5 18. dxc5 Bxb2 19. Rab1 Ba3 20. Be3 Bd5 21. Rfd1 Rac8 22. Rb5 a6 23. Ra5 Bb4 24. Rxa6 Bxc5 25. Bxc5 Rxc5 26. Ra7 Re8 27. Nd4 e6 28. a4 Rec8 29. Kh2 Rb8 30. a5 Rb2 31. Nxe6 Rxf2 32. Kg1 Rxg2+ 33. Kf1 Rcc2 34. Rxd5 Rgf2+ 35. Ke1 Rce2+ 36. Kd1 Rxe6 37. a6 Rf1+ 38. Kd2 Rf2+ 39. Kd3 Rf3+ 40. Kc4 Rf8 41. Kb5 Re1 42. Rb7 Rb1+ 43. Kc4 Rc8+ 44. Kd4 Rd1+ 45. Ke5 Re8+ 0-1

[Event "Arad op 12th"]
[Site "Arad"]
[Date "2019.07.25"]
[Round "3"]
[White "Ursan, Petru Sebastian"]
[Black "Ion, Dragos Cosmin"]
[Result "0-1"]
[WhiteElo "2212"]
[BlackElo "1879"]
[PlyCount "98"]
[EventDate "2019.07.24"]
[EventType "swiss"]
[EventRounds "9"]
[EventCountry "ROU"]
[SourceTitle "CBM 191 Extra"]
[Source "ChessBase"]
[SourceDate "2019.09.30"]
[SourceVersion "1"]
[SourceVersionDate "2019.09.30"]
[SourceQuality "1"]

1. d4 Nf6 2. Nf3 d5 3. g3 e6 4. Bg2 Be7 5. 0-0 0-0 6. c4 dxc4 7. Ne5 Nc6 8. Bxc6 bxc6 9. Nxc6 Qe8 10. Nxe7+ Qxe7 11. Qa4 Rd8 12. Qxc4 Rb8 13. Nc3 Nd5 14. a3 a5 15. e4 Nb6 16. Qc5 Qxc5 17. dxc5 Nc4 18. f4 Ba6 19. Rf2 Rd3 20. Rc2 Rb3 21. Kf2 Kf8 22. Ke1 Ke7 23. Nd1 h5 24. Bd2 h4 25. gxh4 Rf3 26. Bc3 Rxf4 27. Re2 f6 28. Rc1 Rxh4 29. Rcc2 Rg4 30. Kf2 Rb8 31. Kf3 Rh4 32. Rg2 g5 33. Rg4 Rxg4 34. Kxg4 Rd8 35. Rf2 e5 36. b3 Rxd1 37. bxc4 a4 38. Ba5 c6 39. Bc7 Bxc4 40. Bd6+ Ke6 41. Rb2 Bb3 42. Rf2 Re1 43. Kh5 Rxe4 44. Kg6 Rf4 45. Rd2 Rf3 46. Bf8 Bd5 47. Bg7 Be4+ 48. Kh5 Rh3+ 49. Kg4 Bf5# 0-1

[Event "Arad op 11th"]
[Site "Arad"]
[Date "2018.08.06"]
[Round "2"]
[White "Ursan, Petru Sebastian"]
[Black "Womacka, Mathias"]
[Result "0-1"]
[WhiteElo "2147"]
[BlackElo "2450"]
[PlyCount "66"]
[EventDate "2018.08.05"]
[EventType "swiss"]
[EventRounds "9"]
[EventCountry "ROU"]
[SourceTitle "CBM 185 Extra"]
[Source "ChessBase"]
[SourceDate "2018.07.29"]
[SourceVersion "1"]
[SourceVersionDate "2018.07.29"]
[SourceQuality "1"]

1. c4 c5 2. g3 Nf6 3. Bg2 d5 4. cxd5 Nxd5 5. Nc3 Nc7 6. Nf3 Nc6 7. 0-0 e5 8. d3 Be7 9. Be3 0-0 10. Rc1 Bd7 11. a3 Rc8 12. Na4 b6 13. Bd2 Ne6 14. b4 cxb4 15. axb4 Ned4 16. Nxd4 Nxd4 17. Rxc8 Qxc8 18. Nb2 Bg4 19. Bf3 Bxf3 20. exf3 Qc6 21. Kg2 b5 22. Re1 Bd6 23. Re4 f5 24. Rh4 Qc2 25. Qxc2 Nxc2 26. Nd1 Be7 27. Rh5 g6 28. Rh6 Bxb4 29. Bxb4 Nxb4 30. Nc3 a6 31. g4 Nxd3 32. Nd5 fxg4 33. fxg4 Nf4+ 0-1

[Event "ROM-chT U20"]
[Site "Iasi"]
[Date "2018.07.16"]
[Round "4.1"]
[White "Ursan, Petru Sebastian"]
[Black "Toma, Radu Cristian"]
[Result "1/2-1/2"]
[WhiteElo "2148"]
[BlackElo "2353"]
[PlyCount "75"]
[EventDate "2018.07.13"]
[EventType "team-tourn"]
[EventRounds "6"]
[EventCountry "ROU"]
[SourceTitle "EXT 2019"]
[Source "ChessBase"]
[SourceDate "2018.10.10"]
[SourceVersion "1"]
[SourceVersionDate "2018.10.10"]
[SourceQuality "1"]
[WhiteTeam "Timisoara CC1"]
[BlackTeam "Timisoara Medicina"]
[WhiteTeamCountry "ROU"]
[BlackTeamCountry "ROU"]

1. Nf3 c5 2. g3 b6 3. Bg2 Bb7 4. c4 Nf6 5. Nc3 e6 6. 0-0 Be7 7. Re1 0-0 8. e4 d6 9. d4 cxd4 10. Nxd4 Qc8 11. Be3 Nbd7 12. Rc1 Nc5 13. f3 a6 14. Qe2 Re8 15. Red1 Qc7 16. b4 Ncd7 17. Nb3 Rac8 18. Na4 Bc6 19. b5 Bb7 20. Qf2 Bd8 21. Qb2 Qb8 22. Qa3 Bc7 23. Nd4 Ne5 24. bxa6 Bxa6 25. Qb3 d5 26. cxd5 exd5 27. exd5 Bc4 28. Qb1 Nxd5 29. Bf2 b5 30. Nb2 Bb6 31. f4 Ng4 32. Nxc4 Rxc4 33. Bxd5 Nxf2 34. Kxf2 Rxd4 35. Rxd4 Bxd4+ 36. Kf1 g6 37. Qd3 Ba7 38. Rc6 1/2-1/2

[Event "ROM-chT U20"]
[Site "Iasi"]
[Date "2018.07.15"]
[Round "3.1"]
[White "Salim, Riza"]
[Black "Ursan, Petru Sebastian"]
[Result "1/2-1/2"]
[WhiteElo "2033"]
[BlackElo "2148"]
[PlyCount "38"]
[EventDate "2018.07.13"]
[EventType "team-tourn"]
[EventRounds "6"]
[EventCountry "ROU"]
[SourceTitle "EXT 2019"]
[Source "ChessBase"]
[SourceDate "2018.10.10"]
[SourceVersion "1"]
[SourceVersionDate "2018.10.10"]
[SourceQuality "1"]
[WhiteTeam "Constanta Juniorul"]
[BlackTeam "Timisoara CC1"]
[WhiteTeamCountry "ROU"]
[BlackTeamCountry "ROU"]

1. e4 c5 2. Nf3 Nc6 3. d4 cxd4 4. Nxd4 g6 5. c4 Nf6 6. Nc3 d6 7. f3 Nxd4 8. Qxd4 Bg7 9. Be3 0-0 10. Qd2 Be6 11. Bd3 Qa5 12. Nd5 Qxd2+ 13. Kxd2 Nxd5 14. cxd5 Bd7 15. Rac1 Rfc8 16. b3 Bb2 17. Rxc8+ Rxc8 18. Rb1 Bc3+ 19. Ke2 f5 1/2-1/2

[Event "ROM-chT U20"]
[Site "Iasi"]
[Date "2018.07.13"]
[Round "1.1"]
[White "Toma, Radu Cristian"]
[Black "Ursan, Petru Sebastian"]
[Result "1-0"]
[WhiteElo "2353"]
[BlackElo "2148"]
[PlyCount "85"]
[EventDate "2018.07.13"]
[EventType "team-tourn"]
[EventRounds "6"]
[EventCountry "ROU"]
[SourceTitle "EXT 2019"]
[Source "ChessBase"]
[SourceDate "2018.10.10"]
[SourceVersion "1"]
[SourceVersionDate "2018.10.10"]
[SourceQuality "1"]
[WhiteTeam "Timisoara Medicina"]
[BlackTeam "Timisoara CC1"]
[WhiteTeamCountry "ROU"]
[BlackTeamCountry "ROU"]

1. d4 g6 2. Nf3 Nf6 3. Nbd2 c5 4. dxc5 Na6 5. e4 Nxc5 6. e5 Ng4 7. h3 Nh6 8. Nb3 Bg7 9. Bc4 0-0 10. 0-0 Nxb3 11. axb3 d6 12. exd6 exd6 13. Bg5 Qb6 14. c3 Be6 15. Be3 Qc7 16. Bxe6 fxe6 17. Bxh6 Bxh6 18. Nd4 Rf6 19. Nb5 Qb6 20. Qd4 Qxd4 21. Nxd4 a6 22. Rfe1 e5 23. Nc2 Raf8 24. Re2 Re8 25. Rae1 Kf7 26. Nb4 Ke6 27. Rd1 Rc8 28. Nd5 Rff8 29. Re4 Rc5 30. Nb4 Rf4 31. Re3 Rb5 32. Red3 Bf8 33. Nd5 Rf7 34. b4 a5 35. c4 Rxb4 36. Nxb4 axb4 37. Rb3 d5 38. cxd5+ Kd7 39. d6 Rf4 40. Rd5 Rc4 41. Rbd3 Rc2 42. Rd2 Rc1+ 43. Rd1 1-0